000 00710nam a2200253Ia 4500
003 OSt
005 20220918175835.0
006 a|||||r|||| 00| 0
007 ta
008 220917b |||||||| |||| 00| 0 eng d
024 _a19,170
037 _cTextual
040 _aARTS
_cARTS
_beng
041 _2eng
_aeng
082 _aO111,1M79:g, L7
100 _aRajyalakshni P V.
_954992
245 0 _aLyric spring
_b a study of the poetry of Sarojini Naidu
260 _aNew Delhi
_bAbhinav India
_c1977
300 _a221p.
_ccm.
500 _aBibliography 211-16p
650 _aENGLISH LITERATURE
942 _hO111,1M79:g, L7
_cTEXL
_2CC
999 _c159179
_d159179